[Event "KAZ-ch U18"]
[Site "Ak Bulak"]
[Date "2022.03.25"]
[Round "8"]
[White "Tastanbek, Abylaikhan"]
[Black "Bizhigitov, Zhangir"]
[Result "0-1"]
[WhiteElo "1609"]
[BlackElo "2074"]
[PlyCount "104"]
[EventDate "2022.03.20"]
[EventType "swiss"]
[EventRounds "9"]
[EventCountry "KAZ"]
[SourceTitle "EXT 2023"]
[Source "ChessBase"]
[SourceDate "2022.10.05"]
[SourceVersion "1"]
[SourceVersionDate "2022.10.05"]
[SourceQuality "1"]

1. Nf3 Nf6 2. g3 b6 3. Bg2 Bb7 4. d4 g6 5. 0-0 Bg7 6. c4 0-0 7. Nc3 Ne4 8. Nxe4 Bxe4 9. b3 c5 10. Bb2 Nc6 11. Qd2 Bxf3 12. Bxf3 cxd4 13. Rad1 Qc7 14. Bxc6 dxc6 15. Bxd4 Rad8 16. Qe3 Bxd4 17. Rxd4 Rxd4 18. Qxd4 Rd8 19. Qc3 Qd6 20. Rc1 Qd2 21. Qc2 e5 22. Kf1 Qd4 23. Ke1 Qc5 24. Rd1 Qa5+ 25. Rd2 e4 26. Kd1 Rxd2+ 27. Qxd2 Qe5 28. e3 c5 29. h4 Qa1+ 30. Ke2 h5 31. Qc2 Kh7 32. Qd2 Qb1 33. Qc3 Qxa2+ 34. Kf1 Kg8 35. Kg2 Qe2 36. Qa1 Qf3+ 37. Kg1 a5 38. Qe1 Qf6 39. Qd1 Qe6 40. Qd8+ Kg7 41. Kg2 Qf6 42. Qd1 Qc3 43. Qb1 Kf8 44. Qa2 Qb4 45. Qb2 Kg8 46. Qc2 Qa3 47. Kh3 Kh7 48. g4 hxg4+ 49. Kxg4 Qa1 50. Kf4 Qf6+ 51. Kg4 Qf3+ 52. Kg5 Qf5# 0-1